[Event "2. Bundesliga West 2013/14"]
[Site "Salzburg"]
[Date "2014.03.08"]
[Round "10"]
[Board "1"]
[White "Serafimov, Tervel"]
[Black "Roth, Peter"]
[Result "1/2-1/2"]
[WhiteElo "2425"]
[BlackElo "2191"]
[PlyCount "79"]
[EventDate "2013.10.18"]
[EventType "team"]
[EventRounds "11"]
[EventCountry "AUT"]
[WhiteTeam "Bregenz"]
[BlackTeam "ASK Salzburg 1"]

1. Nf3 Nf6 2. c4 c6 3. d4 d6 4. Nc3 Nbd7 5. g3 g6 6. Bg2 Bg7 7. d5 cxd5 8. cxd5
O-O 9. O-O Nc5 10. Nd4 Bd7 11. a4 Qc8 12. Nb3 Bh3 13. Nxc5 Bxg2 14. Kxg2 Qxc5
15. Qb3 Rfc8 16. h3 b6 17. Be3 Qc4 18. Ra3 Nd7 19. Qxc4 Rxc4 20. a5 Bxc3 21.
bxc3 bxa5 22. Rfa1 Nf6 23. Rxa5 Rxc3 24. Rxa7 Rxa7 25. Rxa7 Rc8 26. Bg5 Nxd5
27. Bxe7 Nxe7 28. Rxe7 Kf8 29. Rd7 Rc6 30. g4 h6 31. e3 Ke8 32. Rb7 Kf8 33. Kg3
Ra6 34. Rb8+ Kg7 35. Rd8 Rb6 36. h4 Ra6 37. f3 Rb6 38. Kf4 Rb4+ 39. e4 Rb6 40.
Kg3 1/2-1/2

[Event "2. Bundesliga West 2013/14"]
[Site "Salzburg"]
[Date "2014.03.08"]
[Round "10"]
[Board "2"]
[White "Harringer, Franz"]
[Black "Graf, Felix"]
[Result "0-1"]
[WhiteElo "2264"]
[BlackElo "2482"]
[PlyCount "64"]
[EventDate "2013.10.18"]
[EventType "team"]
[EventRounds "11"]
[EventCountry "AUT"]
[WhiteTeam "ASK Salzburg 1"]
[BlackTeam "Bregenz"]

1.e4 e6 2.d4 d5 3.Nc3 Nf6 4.e5 Nfd7 5.f4 c5 6.Nf3 Nc6 7.Be3 Be7 8.Qd2 O-O 9.g3 Qa5
10.a3 Rb8 11.Rb1 b5 12.dxc5 b4 13.axb4 Rxb4 14.Ne2 Nxc5 15.Bxc5 Bxc5 16.c3 Ra4 17.Nc1
Re4+ 18.Kd1 Qb6 19.Bd3 Rd8 20.Rf1 a5 21.Kc2 Be3 22.Qg2 h6 23.Nd2 Bb7 24.b3 Qc5 25.Kb2
Rb4 26.Nf3 d4 27.c4 a4 28.Qc2 Na5 29.Ka2 Bxc1 30.Qxc1 axb3+ 31.Kb2 Nxc4+ 32.Bxc4 Rxc40-1 0-1

[Event "2. Bundesliga West 2013/14"]
[Site "Salzburg"]
[Date "2014.03.08"]
[Round "10"]
[Board "3"]
[White "Dobosz, Henryk"]
[Black "Juergens, Klaus"]
[Result "1-0"]
[WhiteElo "2371"]
[BlackElo "2140"]
[PlyCount "81"]
[EventDate "2013.10.18"]
[EventType "team"]
[EventRounds "11"]
[EventCountry "AUT"]
[WhiteTeam "Bregenz"]
[BlackTeam "ASK Salzburg 1"]

1. d4 g6 2. e4 Bg7 3. c3 d6 4. Bg5 Nf6 5. Nd2 c5 6. dxc5 dxc5 7. Bc4 a6 8. a4
Nc6 9. f4 O-O 10. Ngf3 Nh5 11. g3 Bh3 12. Qe2 Na5 13. Ba2 Qb6 14. Nc4 Nxc4 15.
Bxc4 Qc7 16. Kf2 Kh8 17. f5 Bg4 18. Rag1 e6 19. h3 Bxf3 20. Qxf3 exf5 21. exf5
b5 22. Bd5 f6 23. Bc1 Rad8 24. g4 Rxd5 25. Qxd5 Nf4 26. Qe4 Bh6 27. Kf3 g5 28.
Bxf4 gxf4 29. axb5 axb5 30. Rd1 Qf7 31. Rhe1 Qb3 32. Rd2 b4 33. Qe6 c4 34. Rd8
Qxb2 35. Qxf6+ Kg8 36. Qe6+ Kh8 37. Qe5+ Kg8 38. Qd5+ Kh8 39. Qd4+ Kg8 40.
Qxc4+ Kh8 41. Ree8 1-0

[Event "2. Bundesliga West 2013/14"]
[Site "Salzburg"]
[Date "2014.03.08"]
[Round "10"]
[Board "4"]
[White "Scheiblmaier, Robert"]
[Black "Bezler, Rainer"]
[Result "1/2-1/2"]
[WhiteElo "2184"]
[BlackElo "2212"]
[PlyCount "112"]
[EventDate "2013.10.18"]
[EventType "team"]
[EventRounds "11"]
[EventCountry "AUT"]
[WhiteTeam "ASK Salzburg 1"]
[BlackTeam "Bregenz"]

1. d4 d5 2. c4 c6 3. cxd5 cxd5 4. Nc3 Nf6 5. Nf3 Nc6 6. Bf4 Nh5 7. Bd2 e6 8. e3
Bd6 9. Rc1 Bd7 10. Nb5 Be7 11. Ne5 Nf6 12. Bd3 O-O 13. O-O Ne4 14. Nxd7 Qxd7
15. Be1 a6 16. Nc3 Nxc3 17. Bxc3 g6 18. a3 b5 19. Qe2 Qb7 20. e4 Rfd8 21. e5
Qb6 22. Qe3 a5 23. b4 axb4 24. Bxb4 Bxb4 25. axb4 Nxb4 26. Rc5 Nxd3 27. Qxd3
Rdb8 28. h4 h5 29. Rfc1 b4 30. Qf3 Qd8 31. Rc7 Qf8 32. g4 hxg4 33. Qxg4 b3 34.
Qd1 b2 35. Rb1 Qd8 36. Rc2 Ra2 37. Kg2 Qxh4 38. Qd3 Qe4+ 39. Qxe4 dxe4 40. Kg3
Ra3+ 41. Kf4 Rab3 42. Kxe4 Kf8 43. Rc7 g5 44. Rc2 Kg7 45. f4 gxf4 46. Kxf4 R8b4
47. Rg2+ Kf8 48. Ke4 Rh3 49. Rbxb2 Rh4+ 50. Ke3 Rbxd4 51. Rb8+ Ke7 52. Rb7+ Rd7
53. Rxd7+ Kxd7 54. Rd2+ Ke7 55. Ra2 Kd7 56. Rd2+ Ke7 1/2-1/2

[Event "2. Bundesliga West 2013/14"]
[Site "Salzburg"]
[Date "2014.03.08"]
[Round "10"]
[Board "5"]
[White "Matt, Fabian"]
[Black "Loeffler, Christoph"]
[Result "1/2-1/2"]
[WhiteElo "2191"]
[BlackElo "2167"]
[PlyCount "108"]
[EventDate "2013.10.18"]
[EventType "team"]
[EventRounds "11"]
[EventCountry "AUT"]
[WhiteTeam "Bregenz"]
[BlackTeam "ASK Salzburg 1"]

1. e4 c6 2. d4 d5 3. Nc3 dxe4 4. Nxe4 Nf6 5. Nxf6+ gxf6 6. c3 Bf5 7. Bd3 Bg6 8.
Ne2 e6 9. Nf4 Bd6 10. Nxg6 hxg6 11. h4 Qa5 12. Qb3 Qb6 13. Qc2 Nd7 14. Be3 Qc7
15. g3 O-O-O 16. O-O-O Kb8 17. Kb1 c5 18. dxc5 Bxc5 19. Bf4 e5 20. Bc1 f5 21.
Bb5 Nf6 22. f3 Rxd1 23. Rxd1 f4 24. g4 a6 25. g5 axb5 26. gxf6 Rd8 27. Re1 Bd6
28. Re4 Rh8 29. Qb3 Qd7 30. a4 Rxh4 31. axb5 b6 32. Qd5 Qe6 33. Qxe6 fxe6 34.
f7 Rh8 35. Rc4 Rc8 36. Rxc8+ Kxc8 37. Kc2 Kd7 38. Kd3 Ke7 39. Ke4 Kxf7 40. b4
Kf6 41. Bd2 g5 42. Be1 Kg6 43. Bf2 Bc7 44. c4 g4 45. fxg4 Kg5 46. Kf3 e4+ 47.
Kxe4 Kxg4 48. c5 Kg5 49. cxb6 Bb8 50. Bd4 Kg4 51. b7 f3 52. Bf2 Bc7 53. Ba7 Bf4
54. Bd4 Bb8 1/2-1/2

[Event "2. Bundesliga West 2013/14"]
[Site "Salzburg"]
[Date "2014.03.08"]
[Round "10"]
[Board "6"]
[White "Pruell, Lukas"]
[Black "Poettinger, Harald"]
[Result "1/2-1/2"]
[WhiteElo "1975"]
[BlackElo "2224"]
[PlyCount "64"]
[EventDate "2013.10.18"]
[EventType "team"]
[EventRounds "11"]
[EventCountry "AUT"]
[WhiteTeam "ASK Salzburg 1"]
[BlackTeam "Bregenz"]

1. e4 d6 2. Nf3 Nf6 3. Nc3 Bg4 4. h3 Bh5 5. b3 e6 6. Bb2 Be7 7. Qe2 Nc6 8. Qe3
O-O 9. O-O-O d5 10. Ne2 Nxe4 11. g4 Bg6 12. Nf4 Bc5 13. d4 Bd6 14. Nd3 f5 15.
gxf5 Rxf5 16. Nfe5 Bxe5 17. dxe5 Bh5 18. Be2 Qh4 19. Bg4 Raf8 20. Bxf5 Rxf5 21.
Rdg1 Nxf2 22. Nc5 Nxh1 23. Nxe6 Bg6 24. Rxh1 Rf2 25. Nd4 Nxd4 26. Bxd4 Rxc2+
27. Kd1 Rxa2 28. Rf1 Qh5+ 29. Ke1 Qh4+ 30. Kd1 Qh5+ 31. Ke1 Qh4+ 32. Kd1 Qh5+
 1/2-1/2

[Event "2. Bundesliga West 2013/14"]
[Site "Salzburg"]
[Date "2014.03.08"]
[Round "10"]
[Board "1"]
[White "Froewis, Georg"]
[Black "Zelcic, Robert"]
[Result "1/2-1/2"]
[WhiteElo "2422"]
[BlackElo "2541"]
[PlyCount "137"]
[EventDate "2013.10.18"]
[EventType "team"]
[EventRounds "11"]
[EventCountry "AUT"]
[WhiteTeam "Hohenems II"]
[BlackTeam "Schwarzach"]

1. Nf3 Nf6 2. e3 d5 3. c4 e6 4. b3 Be7 5. Bb2 O-O 6. Nc3 dxc4 7. Bxc4 a6 8. a4
c5 9. d4 cxd4 10. exd4 Nbd7 11. O-O Nb6 12. Re1 Nbd5 13. Ne5 Bb4 14. Qf3 Bd7
15. Bxd5 Bxc3 16. Nxd7 Nxd5 17. Nxf8 Bxe1 18. Nxe6 Bxf2+ 19. Qxf2 fxe6 20. Ba3
Rc8 21. Rf1 Nf6 22. Kh1 Qd7 23. Bc5 h6 24. a5 Qd5 25. b4 Re8 26. Qg3 Qe4 27. h3
Nd5 28. Bd6 Rd8 29. Be5 Rd7 30. Qf2 Kh7 31. Qf8 Ne3 32. Rf3 Nf5 33. Qe8 Nxd4
34. Qxd7 Qe1+ 35. Rf1 Qxf1+ 36. Kh2 Nf3+ 37. gxf3 Qf2+ 38. Kh1 Qxf3+ 39. Kg1
Qe3+ 40. Kg2 Qe4+ 41. Kf2 Qf5+ 42. Kg2 Qxe5 43. Qxb7 Qe2+ 44. Kg1 e5 45. b5 e4
46. bxa6 Qe3+ 47. Kg2 Qf3+ 48. Kh2 Qe2+ 49. Kg1 Qd1+ 50. Kg2 Qc2+ 51. Kg1 Qc5+
52. Kg2 Qg5+ 53. Kf2 Qf5+ 54. Kg2 e3 55. Qf3 Qg6+ 56. Kh2 Qe6 57. a7 e2 58.
a8=Q Qe5+ 59. Kg2 e1=N+ 60. Kf2 Nxf3 61. Kxf3 Qc3+ 62. Ke4 Qxh3 63. Qd5 Qg4+
64. Ke5 Qg3+ 65. Ke6 Qg6+ 66. Ke5 Qe8+ 67. Kd4 Qa4+ 68. Ke5 Qe8+ 69. Kd4
 1/2-1/2

[Event "2. Bundesliga West 2013/14"]
[Site "Salzburg"]
[Date "2014.03.08"]
[Round "10"]
[Board "2"]
[White "Krstic, Uros"]
[Black "Novkovic, Milan"]
[Result "1-0"]
[WhiteElo "2439"]
[BlackElo "2381"]
[PlyCount "87"]
[EventDate "2013.10.18"]
[EventType "team"]
[EventRounds "11"]
[EventCountry "AUT"]
[WhiteTeam "Schwarzach"]
[BlackTeam "Hohenems II"]

1. e4 e6 2. d4 d5 3. Nd2 Be7 4. Bd3 c5 5. dxc5 Nf6 6. exd5 Qxd5 7. Ngf3 Qxc5 8.
O-O Nbd7 9. Re1 O-O 10. c3 b6 11. Ne4 Qc7 12. Bg5 Bb7 13. Qc2 h6 14. Bh4 Rfe8
15. Bg3 Qc8 16. Nxf6+ Bxf6 17. Nd2 Be7 18. Rad1 a6 19. Nc4 b5 20. Nd6 Bxd6 21.
Bxd6 Nc5 22. Bf1 Qc6 23. c4 b4 24. Re5 Ne4 25. Bxb4 f6 26. Ra5 Rad8 27. Be1 Ng5
28. Ra3 e5 29. Rxd8 Rxd8 30. Rd3 Rxd3 31. Qxd3 Ne6 32. Bd2 Nc5 33. Qd8+ Kh7 34.
Be3 Ne6 35. Qd3+ e4 36. Qc3 Qa4 37. a3 Kg6 38. h4 Qd1 39. Qd2 Qxd2 40. Bxd2 f5
41. g3 f4 42. Bh3 Nd4 43. Bxf4 Ne2+ 44. Kh2 1-0

[Event "2. Bundesliga West 2013/14"]
[Site "Salzburg"]
[Date "2014.03.08"]
[Round "10"]
[Board "3"]
[White "Atlas, Dmitry"]
[Black "Ljubic, Juro"]
[Result "1/2-1/2"]
[WhiteElo "2177"]
[BlackElo "2227"]
[PlyCount "68"]
[EventDate "2013.10.18"]
[EventType "team"]
[EventRounds "11"]
[EventCountry "AUT"]
[WhiteTeam "Hohenems II"]
[BlackTeam "Schwarzach"]

1. e4 c5 2. c3 b6 3. d4 Bb7 4. Bd3 g6 5. Nf3 Bg7 6. O-O d6 7. Re1 Nd7 8. Na3
cxd4 9. cxd4 Ngf6 10. h3 O-O 11. Bf4 e5 12. Bh2 d5 13. exd5 e4 14. Bxe4 Nxe4
15. Rxe4 Bxd5 16. Re3 Qf6 17. Nb5 Bb7 18. Qb3 Bh6 19. Rc3 Bf4 20. Bxf4 Qxf4 21.
Rc7 Bxf3 22. Qxf3 Qxf3 23. gxf3 a6 24. Nc3 Rfd8 25. Re1 Rac8 26. Ra7 Ra8 27.
Rxa8 Rxa8 28. Nd5 Rd8 29. Rd1 Kf8 30. Kf1 Rc8 31. Nc3 b5 32. Ke2 Nb6 33. Ne4
Nd5 34. Kd2 Rc4 1/2-1/2

[Event "2. Bundesliga West 2013/14"]
[Site "Salzburg"]
[Date "2014.03.08"]
[Round "10"]
[Board "4"]
[White "Stoeckl, Norbert"]
[Black "Sandholzer, Robert"]
[Result "1/2-1/2"]
[WhiteElo "2086"]
[BlackElo "2192"]
[PlyCount "94"]
[EventDate "2013.10.18"]
[EventType "team"]
[EventRounds "11"]
[EventCountry "AUT"]
[WhiteTeam "Schwarzach"]
[BlackTeam "Hohenems II"]

1. e4 e6 2. d4 d5 3. Nd2 Be7 4. Bd3 c5 5. dxc5 Nf6 6. Qe2 O-O 7. Ngf3 a5 8. O-O
Na6 9. e5 Nd7 10. c4 Ndxc5 11. Bb1 b6 12. Rd1 Bb7 13. Nf1 Qc7 14. cxd5 Bxd5 15.
Bf4 Nb4 16. h4 Qb7 17. Ng5 h6 18. Nh7 Rfd8 19. Qg4 Kh8 20. Qh5 Be4 21. Rxd8+
Rxd8 22. Ng5 Bxg5 23. hxg5 Nbd3 24. Bxd3 Nxd3 25. Rd1 Bg6 26. Qh3 Qe4 27. Be3
h5 28. Ng3 Qxe5 29. Nxh5 Kg8 30. Nf4 Bf5 31. Qh4 Rd6 32. Nxd3 Rxd3 33. Rxd3
Bxd3 34. Bd4 Qe1+ 35. Kh2 Qe2 36. f3 b5 37. Qf4 Bg6 38. Qb8+ Kh7 39. Qf8 e5 40.
Qe7 Qe1 41. Qxe5 Qxe5+ 42. Bxe5 a4 43. g4 Bd3 44. f4 Bc4 45. a3 g6 46. Kg3 Kg8
47. Bd6 Be6 1/2-1/2

[Event "2. Bundesliga West 2013/14"]
[Site "Salzburg"]
[Date "2014.03.08"]
[Round "10"]
[Board "5"]
[White "Hofer, Emilian"]
[Black "Hajdarevic, Dino"]
[Result "1/2-1/2"]
[WhiteElo "2046"]
[BlackElo "2098"]
[PlyCount "78"]
[EventDate "2013.10.18"]
[EventType "team"]
[EventRounds "11"]
[EventCountry "AUT"]
[WhiteTeam "Hohenems II"]
[BlackTeam "Schwarzach"]

1. e4 c5 2. Nf3 d6 3. d4 cxd4 4. Nxd4 Nf6 5. Nc3 a6 6. Be2 e5 7. Nb3 Be6 8. O-O
Be7 9. Kh1 d5 10. exd5 Nxd5 11. Nxd5 Bxd5 12. c4 Bc6 13. Qxd8+ Bxd8 14. Be3 a5
15. Rad1 a4 16. Nc1 Na6 17. b3 Be7 18. Nd3 f6 19. f3 O-O 20. Rd2 Rfe8 21. Rfd1
Bf8 22. Bf1 Rec8 23. Rb1 axb3 24. axb3 Nb4 25. Nxb4 Bxb4 26. Rdb2 Rd8 27. Be2
Kf7 28. Kg1 Ke7 29. Kf2 Be8 30. Bd1 Bg6 31. Bc2 Bc3 32. Bxg6 hxg6 33. Rc2 Bd4
34. Ke2 Ra3 35. Bc1 Raa8 36. Bd2 Ke6 37. Be3 Rd7 38. Rd2 Rad8 39. Rbd1 Rd6
 1/2-1/2

[Event "2. Bundesliga West 2013/14"]
[Site "Salzburg"]
[Date "2014.03.08"]
[Round "10"]
[Board "6"]
[White "Bjelosevic, Bozo"]
[Black "Kuntner, Reinhard"]
[Result "1-0"]
[WhiteElo "2095"]
[BlackElo "1943"]
[PlyCount "73"]
[EventDate "2013.10.18"]
[EventType "team"]
[EventRounds "11"]
[EventCountry "AUT"]
[WhiteTeam "Schwarzach"]
[BlackTeam "Hohenems II"]

1. Nc3 d5 2. e4 Nf6 3. exd5 Nxd5 4. d4 Nxc3 5. bxc3 g6 6. Nf3 Bg7 7. Be2 O-O 8.
O-O c5 9. Bb2 Qc7 10. Qc1 Rd8 11. Rd1 Nc6 12. h3 cxd4 13. cxd4 Nb4 14. c4 Bf5
15. d5 Bc2 16. Bxg7 Bxd1 17. Bxd1 Kxg7 18. Qc3+ Kg8 19. Qxb4 Rac8 20. Bb3 Rd6
21. Re1 a5 22. Qa3 Kf8 23. Qb2 Kg8 24. Qe2 a4 25. Bxa4 Qxc4 26. Qxe7 Qc7 27.
Bb3 Rd7 28. Qe3 Qd6 29. Qh6 Qf6 30. Ng5 Qg7 31. Qxg7+ Kxg7 32. f4 h6 33. Nf3 f6
34. Nd4 Rc3 35. Re8 Rxb3 36. Nxb3 f5 37. Re5 1-0

[Event "2. Bundesliga West 2013/14"]
[Site "Salzburg"]
[Date "2014.03.09"]
[Round "11"]
[Board "1"]
[White "Lammers, Markus"]
[Black "Zelbel, Patrick"]
[Result "1/2-1/2"]
[WhiteElo "2353"]
[BlackElo "2395"]
[PlyCount "107"]
[EventDate "2013.10.18"]
[EventType "team"]
[EventRounds "11"]
[EventCountry "AUT"]
[WhiteTeam "SIR Bernhard 2"]
[BlackTeam "Kufstein / Woergl"]

1. d4 Nf6 2. c4 g6 3. g3 Bg7 4. Bg2 O-O 5. Nc3 d6 6. e4 e5 7. Nge2 Nbd7 8. O-O
c6 9. h3 Qc7 10. Be3 a6 11. c5 dxc5 12. dxc5 Rd8 13. Qc2 b5 14. cxb6 Nxb6 15.
b3 a5 16. Rac1 Ba6 17. Rfd1 Rxd1+ 18. Rxd1 Rd8 19. Bf1 Bf8 20. Bxb6 Qxb6 21.
Na4 Qc7 22. Rxd8 Qxd8 23. Qxc6 Bxe2 24. Bxe2 Kg7 25. Bc4 Qd7 26. Qxd7 Nxd7 27.
Kf1 Bb4 28. Bd5 f6 29. Ke2 Kf8 30. f4 exf4 31. gxf4 g5 32. Be6 Nc5 33. Nxc5
Bxc5 34. fxg5 fxg5 35. Bf5 h5 36. Bg6 Kg7 37. Bxh5 Kf6 38. Kd3 Ke5 39. Kc4 Bb4
40. Bg6 Kd6 41. Kb5 Bd2 42. a3 Be1 43. Bf7 Bd2 44. Bc4 Ke5 45. Bd3 Kd6 46. Kb6
Bc1 47. Kxa5 Bxa3 48. b4 Kd7 49. b5 Bc5 50. b6 Kc6 51. Bb5+ Kb7 52. Ba6+ Kc6
53. b7 Bd6 54. b8=N+ 1/2-1/2

[Event "2. Bundesliga West 2013/14"]
[Site "Salzburg"]
[Date "2014.03.09"]
[Round "11"]
[Board "2"]
[White "Koepke, Christian"]
[Black "Durakovic, Alman"]
[Result "0-1"]
[WhiteElo "2336"]
[BlackElo "2272"]
[PlyCount "68"]
[EventDate "2013.10.18"]
[EventType "team"]
[EventRounds "11"]
[EventCountry "AUT"]
[WhiteTeam "Kufstein / Woergl"]
[BlackTeam "SIR Bernhard 2"]

1.e4 c5 2.Nf3 d6 3.d4 cxd4 4.Nxd4 Nf6 5.Nc3 a6 6.h3 e5 7.Nb3 Be6 8.f4 exf4 9.Bxf4
Nc6 10.Qe2 Qc7 11.O-O-O Be7 12.g4 Ne5 13.g5 Nfd7 14.Nd5 Bxd5 15.exd5 O-O 16.h4 Rfe8
17.Bh3 Bf8 18.Qf2 a5 19.Nd4 a4 20.a3 Qb6 21.Bxd7 Nxd7 22.Rhf1 g6 23.h5 Re7 24.Qh2
Bg7 25.Bxd6 Bxd4 26.Rxd4 Qxd4 27.Kb1 Re4 28.hxg6 fxg6 29.Bb4 Qxd5 30.Bc3 Rf8 31.Rh1
Rf7 32.Qh6 Nf8 33.Bb4 Ref4 34.Qh3 Qxh1+0-1 0-1

[Event "2. Bundesliga West 2013/14"]
[Site "Salzburg"]
[Date "2014.03.09"]
[Round "11"]
[Board "3"]
[White "Huch, Reiner"]
[Black "Bertagnolli, Alexander"]
[Result "1/2-1/2"]
[WhiteElo "2334"]
[BlackElo "2333"]
[PlyCount "137"]
[EventDate "2013.10.18"]
[EventType "team"]
[EventRounds "11"]
[EventCountry "AUT"]
[WhiteTeam "SIR Bernhard 2"]
[BlackTeam "Kufstein / Woergl"]

1. Nf3 d5 2. d4 c6 3. c4 e6 4. Qc2 f5 5. Bf4 Bd6 6. e3 Nf6 7. Nc3 O-O 8. Be2 h6
9. O-O g5 10. Bxd6 Qxd6 11. Ne5 Bd7 12. Rac1 a6 13. Na4 b5 14. Nb6 Ra7 15. cxd5
exd5 16. Nbxd7 Rxd7 17. Nxd7 Qxd7 18. Bd3 Ne8 19. Rce1 Nd6 20. f3 Nc8 21. Qc5
Qe6 22. e4 Nd7 23. exd5 Nxc5 24. Rxe6 Nxe6 25. dxe6 Ne7 26. Bc2 Rd8 27. Rd1 Kg7
28. Kf2 Kf6 29. Bb3 f4 30. g4 Rd6 31. a4 bxa4 32. Bxa4 Kxe6 33. Bb3+ Kd7 34.
Bc4 c5 35. d5 Kc7 36. Ke2 Ng6 37. Ra1 Ne5 38. b3 Rb6 39. Ra5 Kd6 40. Kf2 Nd7
41. Ra2 Ke5 42. Re2+ Kd4 43. Re4+ Kc3 44. Re7 Nf6 45. Rc7 Kd4 46. Ke2 a5 47.
Ra7 a4 48. Rxa4 Nxd5 49. Kd2 Ne3 50. Bg8+ Ke5 51. Kc3 Rb8 52. Bc4 Nd5+ 53. Bxd5
Kxd5 54. Re4 Ra8 55. Kb2 h5 56. h4 gxh4 57. g5 h3 58. Rxf4 Rg8 59. Kc3 Rxg5 60.
Rh4 Rg3 61. Rxh5+ Ke6 62. Kc4 Rxf3 63. Rxc5 Rf4+ 64. Kd3 Rb4 65. Rh5 Rxb3+ 66.
Ke4 Kf6 67. Kf4 Kg6 68. Rh8 Kg7 69. Rh5 1/2-1/2

[Event "2. Bundesliga West 2013/14"]
[Site "Salzburg"]
[Date "2014.03.09"]
[Round "11"]
[Board "4"]
[White "Rusche, Johannes"]
[Black "Pflug, Mathias"]
[Result "1/2-1/2"]
[WhiteElo "2229"]
[BlackElo "2298"]
[PlyCount "59"]
[EventDate "2013.10.18"]
[EventType "team"]
[EventRounds "11"]
[EventCountry "AUT"]
[WhiteTeam "Kufstein / Woergl"]
[BlackTeam "SIR Bernhard 2"]

1. e4 c5 2. c3 d6 3. d4 Nf6 4. Bd3 Nc6 5. Nf3 e5 6. d5 Nb8 7. Qe2 g6 8. a4 Bg7
9. Nbd2 O-O 10. Nc4 Qe7 11. O-O Ne8 12. b4 b6 13. b5 Nd7 14. a5 Rb8 15. Bg5 f6
16. Bd2 f5 17. Bg5 Ndf6 18. Nfd2 h6 19. Bxf6 Nxf6 20. Ra3 fxe4 21. Bxe4 Bf5 22.
axb6 axb6 23. f3 Qd7 24. Ne3 Rf7 25. Rfa1 Rb7 26. Ra8+ Kh7 27. Qd3 Bxe4 28.
Nxe4 Nxe4 29. fxe4 h5 30. Rf1 1/2-1/2

[Event "2. Bundesliga West 2013/14"]
[Site "Salzburg"]
[Date "2014.03.09"]
[Round "11"]
[Board "5"]
[White "Wieneroiter, Gerald"]
[Black "Neuschmied, Siegfried"]
[Result "1-0"]
[WhiteElo "2156"]
[BlackElo "2221"]
[PlyCount "63"]
[EventDate "2013.10.18"]
[EventType "team"]
[EventRounds "11"]
[EventCountry "AUT"]
[WhiteTeam "SIR Bernhard 2"]
[BlackTeam "Kufstein / Woergl"]

1. Nf3 c5 2. c4 g6 3. Nc3 Bg7 4. g3 Nc6 5. Bg2 a6 6. a3 Rb8 7. Rb1 b5 8. cxb5
axb5 9. b4 c4 10. e4 e6 11. d4 d5 12. e5 Nge7 13. g4 Bd7 14. O-O Qc7 15. Be3
Nc8 16. Ng5 h6 17. Nxd5 exd5 18. Nxf7 Kxf7 19. Bxd5+ Ke7 20. f4 Rd8 21. Be4 Be8
22. d5 Nxe5 23. Bc5+ Nd6 24. fxe5 Bxe5 25. g5 h5 26. Bg2 Kd7 27. Bh3+ Nf5 28.
Rxf5 Qxc5+ 29. bxc5 gxf5 30. Bxf5+ Kc7 31. d6+ Kb7 32. Ra1 1-0

[Event "2. Bundesliga West 2013/14"]
[Site "Salzburg"]
[Date "2014.03.09"]
[Round "11"]
[Board "6"]
[White "Steinbacher, Thomas"]
[Black "Huber, Wolfgang"]
[Result "1-0"]
[WhiteElo "2116"]
[BlackElo "2046"]
[PlyCount "93"]
[EventDate "2013.10.18"]
[EventType "team"]
[EventRounds "11"]
[EventCountry "AUT"]
[WhiteTeam "Kufstein / Woergl"]
[BlackTeam "SIR Bernhard 2"]

1. d4 Nf6 2. Nc3 d5 3. Bg5 c6 4. Qd2 Bf5 5. f3 Nbd7 6. O-O-O Qa5 7. e4 Bg6 8.
e5 Ng8 9. e6 fxe6 10. Re1 Bf7 11. h4 h6 12. Bf4 g6 13. Bd3 Bg7 14. Be5 Bxe5 15.
dxe5 d4 16. Nb1 Qxd2+ 17. Nxd2 h5 18. Nh3 Nh6 19. Ng5 Nf8 20. Nb3 Rd8 21. Na5
Rd7 22. Ne4 Rd5 23. Nxb7 Rxe5 24. b4 Nd7 25. f4 Rf5 26. g3 e5 27. Ng5 exf4 28.
Nd6+ Kf8 29. Bxf5 gxf5 30. Ngxf7 Nxf7 31. Nxf5 fxg3 32. Nxe7 Nde5 33. Nf5 Nf3
34. Nxg3 Nxe1 35. Rxe1 Rg8 36. Nxh5 Rg4 37. Rh1 Ke7 38. Rh3 Nh6 39. Ng3 Ke6 40.
Kd2 Kd5 41. Kd3 a5 42. Nh5 Kd6 43. Rg3 Rxh4 44. Rg6+ Ke5 45. Rxh6 Rh3+ 46. Kd2
axb4 47. Rxc6 1-0

[Event "2. Bundesliga West 2013/14"]
[Site "Salzburg"]
[Date "2014.03.09"]
[Round "11"]
[Board "1"]
[White "Medvegy, Zoltan"]
[Black "Lanka, Zigurds"]
[Result "0-1"]
[WhiteElo "2516"]
[BlackElo "2432"]
[PlyCount "76"]
[EventDate "2013.10.18"]
[EventType "team"]
[EventRounds "11"]
[EventCountry "AUT"]
[WhiteTeam "Ranshofen"]
[BlackTeam "Zillertal"]

1.c4 g6 2.Nc3 c5 3.g3 Bg7 4.Bg2 d6 5.Nf3 Nc6 6.O-O e5 7.a3 Nge7 8.b4 e4 9.Ng5 f5 10.Bb2
O-O 11.d3 h6 12.Nh3 exd3 13.exd3 g5 14.b5 Nd4 15.f4 g4 16.Nf2 Rb8 17.Ra2 b6 18.Ne2
d5 19.Nxd4 cxd4 20.Qa1 dxc4 21.dxc4 Qd7 22.Nd3 Bb7 23.Bxb7 Rxb7 24.Ne5 Bxe5 25.fxe5
d3 26.Rd1 f4 27.Qc1 fxg3 28.Qxh6 Qf5 29.Bc1 Ng6 30.Qg5 Qxg5 31.Bxg5 Nxe5 32.Kg2 gxh2
33.Bh6 Rf3 34.Re1 Rh7 35.Rxe5 Rxh6 36.Ra1 d2 37.Rg5+ Kf7 38.Rd5 h1=Q+0-1 0-1

[Event "2. Bundesliga West 2013/14"]
[Site "Salzburg"]
[Date "2014.03.09"]
[Round "11"]
[Board "2"]
[White "Maiwald, Jens-Uwe"]
[Black "Konnyu, Janos"]
[Result "1-0"]
[WhiteElo "2465"]
[BlackElo "2314"]
[PlyCount "65"]
[EventDate "2013.10.18"]
[EventType "team"]
[EventRounds "11"]
[EventCountry "AUT"]
[WhiteTeam "Zillertal"]
[BlackTeam "Ranshofen"]

1. d4 Nf6 2. c4 g6 3. Nf3 Bg7 4. Nc3 d6 5. Bg5 O-O 6. e3 c6 7. Be2 Bg4 8. O-O
Nbd7 9. h3 Bxf3 10. Bxf3 Qa5 11. Bh4 e5 12. a3 Rfe8 13. b4 Qc7 14. Qb3 Nf8 15.
dxe5 dxe5 16. Rad1 h6 17. c5 g5 18. Bg3 Rad8 19. Ne4 Nxe4 20. Bxe4 Rxd1 21.
Rxd1 Rd8 22. Bf5 Rxd1+ 23. Qxd1 Ne6 24. h4 Qd8 25. Qg4 Nc7 26. hxg5 hxg5 27.
Bc8 b6 28. cxb6 axb6 29. Bd7 c5 30. bxc5 bxc5 31. Ba4 Nd5 32. Qd1 Qa5 33. Bb3
 1-0

[Event "2. Bundesliga West 2013/14"]
[Site "Salzburg"]
[Date "2014.03.09"]
[Round "11"]
[Board "3"]
[White "Ager, Josef"]
[Black "Hausner, Ivan"]
[Result "0-1"]
[WhiteElo "2167"]
[BlackElo "2378"]
[PlyCount "68"]
[EventDate "2013.10.18"]
[EventType "team"]
[EventRounds "11"]
[EventCountry "AUT"]
[WhiteTeam "Ranshofen"]
[BlackTeam "Zillertal"]

1.Nf3 g6 2.c4 Bg7 3.Nc3 c5 4.g3 Nc6 5.Bg2 e5 6.d3 Nge7 7.Bg5 f6 8.Bd2 d6 9.h4 h6 10.Rb1
Be6 11.Qc1 Rc8 12.Nh2 d5 13.cxd5 Nxd5 14.Nf1 b6 15.Ne3 Nxe3 16.Bxe3 Qd7 17.Qd2 f5
18.f4 exf4 19.Bxf4 Ne5 20.Rc1 Nf7 21.b3 O-O 22.O-O Rcd8 23.Kh2 Kh7 24.Nd1 Qe7 25.Qe1
g5 26.hxg5 hxg5 27.Bd2 Be5 28.Bc3 Rh8 29.e4 f4 30.gxf4 gxf4 31.Kg1 Qg5 32.Qd2 Kg6
33.Bxe5 Nxe5 34.Rc3 Rh40-1 0-1

[Event "2. Bundesliga West 2013/14"]
[Site "Salzburg"]
[Date "2014.03.09"]
[Round "11"]
[Board "4"]
[White "Tabernig, Bernhard"]
[Black "Riediger, Martin"]
[Result "1-0"]
[WhiteElo "2350"]
[BlackElo "2264"]
[PlyCount "103"]
[EventDate "2013.10.18"]
[EventType "team"]
[EventRounds "11"]
[EventCountry "AUT"]
[WhiteTeam "Zillertal"]
[BlackTeam "Ranshofen"]

1. d4 d5 2. c4 c6 3. Nf3 Nf6 4. e3 a6 5. c5 Bg4 6. Qb3 Ra7 7. Ne5 Nbd7 8. Nxg4
Nxg4 9. Be2 Ngf6 10. f4 e6 11. Nc3 Be7 12. O-O O-O 13. Bd2 b6 14. cxb6 Qxb6 15.
Qxb6 Nxb6 16. Rfc1 Rc8 17. b3 a5 18. a4 Bb4 19. Ra2 Raa8 20. Nb1 Bxd2 21. Nxd2
Nbd7 22. Rac2 Nb8 23. Nf3 Nfd7 24. Ne5 Nxe5 25. fxe5 Rd8 26. Rc5 Kf8 27. g4 Ke7
28. Kg2 Rd7 29. h4 Rb7 30. R1c3 h6 31. g5 hxg5 32. hxg5 Rb6 33. Kg3 Ra7 34. Kf4
g6 35. Bd1 Kd8 36. e4 Rb4 37. Ke3 Nd7 38. Rxc6 Nxe5 39. Rc8+ Ke7 40. exd5 exd5
41. R3c5 Nd7 42. Rxd5 Ke6 43. Rb5 Rxb5 44. axb5 Kf5 45. b6 Ra6 46. Rc5+ Ke6 47.
Bg4+ Kd6 48. Bxd7 Kxd7 49. Rc7+ Kd8 50. Rc6 Ra8 51. b7 Rb8 52. Rc8+ 1-0